Mạch nạp bình Accu 6V8, 12V Luận văn tốt nghiệp Đại học sư phạm ngành Vật lí Khóa 1974

Tallennettuna:
Bibliografiset tiedot
Päätekijä: Tăng Quốc Hùng
Aineistotyyppi: Kirja
Kieli:Undetermined
Julkaistu: Cần Thơ Viện Đại học Cần Thơ, Khoa Sư phạm, Bộ môn Vật lí 1974
Tagit: Lisää tagi
Ei tageja, Lisää ensimmäinen tagi!
Thư viện lưu trữ: Trung tâm Học liệu Trường Đại học Cần Thơ
LEADER 00702nam a2200181Ia 4500
001 CTU_25617
008 210402s9999 xx 000 0 und d
082 |a 621.381 
082 |b H513/1974 
100 |a Tăng Quốc Hùng 
245 0 |a Mạch nạp bình Accu 6V8, 12V 
245 0 |b Luận văn tốt nghiệp Đại học sư phạm ngành Vật lí Khóa 1974 
245 0 |c Tăng Quốc Hùng, Nguyễn Tuyết Phương 
260 |a Cần Thơ 
260 |b Viện Đại học Cần Thơ, Khoa Sư phạm, Bộ môn Vật lí 
260 |c 1974 
904 |i Nguyễn Quang Điền, 980929 
980 |a Trung tâm Học liệu Trường Đại học Cần Thơ